000 00289nam a2200121 a 4500
005 20140513081056.0
008 070202s19uu xx 00 eng d
050 _aVCD
_bNo899 2000
245 _aNot one less.
260 _bMagnavision,
_c2000.
500 _aMotion picture
999 _c116500
_d116500